000 00554nam a22001815i 4500
001 178519
003 ES-MaACL
005 20230906220541.0
008 110606s2010 sp |||| | spa d
020 _a978-987-05-8233-5
080 _a821.134.2(82)-14"19"
100 1 _aFurlán, Luis Ricardo.
_9146947
245 1 3 _aEl movimiento neohumanista
_b: la generación de 1950 en la poesía argentina /
_cLuis Ricardo Furlán.
250 _a2ª ed.
260 _aMadrid :
_bAltorrey,
_c2010.
300 _a334 p. ;
_c21 cm.
852 _aES-MaACL
_jE-15272
999 _c178519
_d178519